000 00727nam a2200241Ia 4500
008 160803s9999 xx 000 0 und d
020 _a0 439709768
100 _aJarvis, Robin
245 4 _aThe woven path /
245 _cRobin Jarvis.
260 _aNew York :
260 _bScholastic Inc.
260 _c1995
300 _a409 pages ;
300 _c20 cm.
500 _a"This edition is only available for distribution through the school market"--Page 4 of cover.
650 _aFantasy fiction, English.
650 _aFantasy.
650 _aWyrd Museum (London, England : Imaginary place)
650 _aWyrd Museum (London, England : Imaginary place) --
650 _xJuvenile fiction.
700 _a1030
999 _c298404
_d298404